Normal view
MARC view
Entry Personal Name
001 - CONTROL NUMBER
- control field: 24581
003 - CONTROL NUMBER IDENTIFIER
- control field: dpl
005 - DATE AND TIME OF LATEST TRANSACTION
- control field: 20101203120754.0
008 - FIXED-LENGTH DATA ELEMENTS
- fixed length control field: 101203|||a|||||| | ||| d
040 ## - CATALOGING SOURCE
- Original cataloging agency: dpl
- Transcribing agency: dpl
100 ## - HEADING--PERSONAL NAME
- Personal name: सावन्त, शिवाजी
670 ## - SOURCE DATA FOUND
- Source citation: Work cat.: (dpl): सावन्त, शिवाजी, मृत्युंजय /, 2010
670 ## - SOURCE DATA FOUND
- Source citation: Work cat.: (dpl): सावन्त, शिवाजी, मृत्युंजय /, 2010
